000 00384nam a22001577a 4500
003 MPLRDC
005 20220104143209.0
008 210129b ||||| |||| 00| 0 eng d
082 _a855 LHF-3
100 _a梁厚甫著
245 _a侨寓零缣
_c
260 _a
_b天地图书有限公司
_c1985
300 _b
650 _a散文;随笔、日记
942 _cBK
_o855 LHF-3
999 _c37558
_d37548